[Event "ESP-ch U18"]
[Site "Salobrena"]
[Date "2019.07.26"]
[Round "7"]
[White "Fernandez Reguera, Javier"]
[Black "Guardiola Guillot, Lucas"]
[Result "0-1"]
[WhiteElo "1706"]
[BlackElo "1980"]
[PlyCount "54"]
[EventDate "2019.07.22"]
[EventType "swiss"]
[EventRounds "9"]
[EventCountry "ESP"]
[SourceTitle "CBM 191 Extra"]
[Source "ChessBase"]
[SourceDate "2019.09.30"]
[SourceVersion "1"]
[SourceVersionDate "2019.09.30"]
[SourceQuality "1"]

1. d4 Nf6 2. c4 g6 3. Nc3 d5 4. Nf3 Bg7 5. Bg5 c6 6. e3 0-0 7. h3 Nbd7 8. cxd5 cxd5 9. Bd3 a6 10. 0-0 b5 11. a3 Bb7 12. Qe2 Ne4 13. Bxe4 dxe4 14. Nd2 f5 15. b4 Rc8 16. Rac1 h6 17. Bf4 e5 18. dxe5 Nxe5 19. Bxe5 Bxe5 20. Na2 Bd5 21. Rxc8 Qxc8 22. f4 Bg7 23. Nc1 Qe6 24. Qd1 Rd8 25. Ndb3 Qb6 26. Re1 Bc3 27. Nc5 Bc4 0-1

[Event "ESP-ch U18"]
[Site "Salobrena"]
[Date "2019.07.26"]
[Round "8"]
[White "Merelo Garcia, Francisco"]
[Black "Fernandez Reguera, Javier"]
[Result "1-0"]
[WhiteElo "1867"]
[BlackElo "1706"]
[PlyCount "51"]
[EventDate "2019.07.22"]
[EventType "swiss"]
[EventRounds "9"]
[EventCountry "ESP"]
[SourceTitle "CBM 191 Extra"]
[Source "ChessBase"]
[SourceDate "2019.09.30"]
[SourceVersion "1"]
[SourceVersionDate "2019.09.30"]
[SourceQuality "1"]

1. e4 c5 2. Nf3 Nc6 3. d4 cxd4 4. Nxd4 g6 5. Nc3 Bg7 6. Be3 Nf6 7. Bc4 0-0 8. Bb3 d6 9. f3 Bd7 10. h4 h5 11. Qd2 Rc8 12. 0-0-0 Ne5 13. Bg5 Rc5 14. Kb1 b5 15. g4 hxg4 16. f4 Nf3 17. Nxf3 gxf3 18. Bxf6 Bxf6 19. Nd5 Bg7 20. h5 gxh5 21. f5 e6 22. Nf4 Qf6 23. c3 Rfc8 24. Nxh5 Qh6 25. Qxh6 Bxh6 26. Nf6+ 1-0

[Event "ESP-ch U18"]
[Site "Salobrena"]
[Date "2019.07.24"]
[Round "4"]
[White "Gonzalvez Tamarit, Ruben"]
[Black "Fernandez Reguera, Javier"]
[Result "1-0"]
[WhiteElo "2017"]
[BlackElo "1706"]
[PlyCount "69"]
[EventDate "2019.07.22"]
[EventType "swiss"]
[EventRounds "9"]
[EventCountry "ESP"]
[SourceTitle "CBM 191 Extra"]
[Source "ChessBase"]
[SourceDate "2019.09.30"]
[SourceVersion "1"]
[SourceVersionDate "2019.09.30"]
[SourceQuality "1"]

1. e4 c5 2. Nf3 g6 3. c4 Nc6 4. d4 cxd4 5. Nxd4 Nf6 6. Nc3 Nxd4 7. Qxd4 d6 8. Be3 Bg7 9. f3 0-0 10. Qd2 a5 11. Be2 a4 12. 0-0 Qa5 13. Rab1 Be6 14. Rfc1 Rfc8 15. b3 axb3 16. axb3 Qb4 17. Na4 Qxd2 18. Bxd2 Nd7 19. Bc3 Bh6 20. Rd1 Be3+ 21. Kf1 f5 22. exf5 Bxf5 23. Bd3 b5 24. Bxf5 gxf5 25. cxb5 Nb6 26. Bd4 Nxa4 27. bxa4 Bxd4 28. Rxd4 Kf7 29. Ra1 Rc5 30. Rb4 Rb8 31. b6 Ra5 32. Rc1 Ke6 33. Rc7 Ra6 34. b7 Ra7 35. a5 1-0

[Event "ESP-ch U18"]
[Site "Salobrena"]
[Date "2019.07.22"]
[Round "2"]
[White "Garcia Sancho, Josep"]
[Black "Fernandez Reguera, Javier"]
[Result "1-0"]
[WhiteElo "2164"]
[BlackElo "1706"]
[PlyCount "51"]
[EventDate "2019.07.22"]
[EventType "swiss"]
[EventRounds "9"]
[EventCountry "ESP"]
[SourceTitle "CBM 191 Extra"]
[Source "ChessBase"]
[SourceDate "2019.09.30"]
[SourceVersion "1"]
[SourceVersionDate "2019.09.30"]
[SourceQuality "1"]

1. d4 Nf6 2. Nf3 g6 3. Nc3 Bg7 4. e4 d6 5. Bg5 0-0 6. Qd2 c5 7. 0-0-0 cxd4 8. Nxd4 Nc6 9. Nb3 Be6 10. f3 Bxb3 11. cxb3 Rc8 12. Bh6 Nb4 13. Kb1 Bxh6 14. Qxh6 Qa5 15. Rd2 Rc7 16. h4 Rfc8 17. h5 g5 18. Bb5 Rc5 19. a3 Na6 20. Bxa6 Qxa6 21. Nd5 Nxd5 22. Qxg5+ Kh8 23. exd5 f6 24. Qe3 R8c7 25. Qe6 Qb5 26. Qf7 1-0